Carregant...

Guy Mannering /

Dades bibliogràfiques
Autor principal: Scott, Walter
Idioma:Undetermined
Col·lecció:Everyman's library, 133
LEADER 00376nam a2200121Ia 4500
001 39600
008 170722s9999 xx 000 0 und d
100 |a Scott, Walter 
245 |a Guy Mannering / 
490 |a Everyman's library, 133 
942 |c GEN 
999 |c 55843  |d 55843 
952 |0 0  |1 0  |4 0  |6 O_3L71G_D6  |7 0  |8 LC1  |9 79775  |a LIB  |b LIB  |d 2017-08-12  |h LC1  |o O-,3L71,G D6  |p 78852  |r 2017-08-12  |w 2017-08-12  |y GEN